000 00373 a2200169 4500
001 183423
020 _a85-06-01173-6
040 _cMagnum
100 _aLima, Regina Drumond e
240 1 0 _aO passarinho Rafa
_lpor
245 1 0 _aO passarinho Rafa
300 _a23
362 0 _a1989
440 1 _aMelhoramentos
697 _aLITERATURA INFANTO-JUVENIL
942 _cBK
999 _c183423
_d183423